Normal view
MARC view
Entry Nombre geográfico
001 - NÚMERO DE CONTROL
- campo de control: 8269
003 - IDENTIFICADOR DEL NÚMERO DE CONTROL
- campo de control: OSt
005 - FECHA Y HORA DE LA ÚLTIMA TRANSACCIÓN
- campo de control: 20210609200710.0
008 - DATOS DE LONGITUD FIJA
- campo de control de longitud fija: 200615|| aca||aabn | a|a d
040 ## - FUENTE DE LA CATALOGACIÓN
- Centro catalogador/agencia de origen: OSt
- Centro/agencia transcriptor: OSt
151 ## - ENCABEZAMIENTO--NOMBRE GEOGRÁFICO
- Nombre geográfico: Santiago de los Caballeros (Republica Dominicana)
370 ## - LUGAR ASOCIADO
- Lugar de nacimiento: República Dominicana
451 ## - TRAZADO DE VÉASE--NOMBRE GEOGRÁFICO
- Nombre geográfico: Santiago (República Dominicana )
451 ## - TRAZADO DE VÉASE--NOMBRE GEOGRÁFICO
- Nombre geográfico: Santiago de los 30 Caballeros ( República Dominicana)
451 ## - TRAZADO DE VÉASE--NOMBRE GEOGRÁFICO
- Nombre geográfico: Santiago de los Treinta Caballeros (República Dominicana)
451 ## - TRAZADO DE VÉASE--NOMBRE GEOGRÁFICO
- Nombre geográfico: Santiago de los Caballeros, República Dominicana
670 ## - FUENTE DE DATOS ENCONTRADOS
- Cita de la fuente: Bueno, Arturo, 1888-1979 8268, Santiago :, 2006.
781 ## - ENTRADA DE ENLACE DE SUBDIVISIÓN--SUBDIVISIÓN GEOGRÁFICA
- Subdivisión geográfica: República Dominicana |
- Subdivisión geográfica: Santiago de los Caballeros
